Le Metamorfosi

Guardat en:
Dades bibliogràfiques
Autor principal: Lalla Romano
Format: Llibre
Idioma:idioma desconegut
Publicat: Giulio Einaudi Editori
Etiquetes: Afegir etiqueta
Sense etiquetes, Sigues el primer a etiquetar aquest registre!

MARC

LEADER 00000nam a2200000Ia 4500
001 R-609
003 CODICE-MESSINA
005 20260212102454.0
008 260211s9999 xx 000 0 und d
040 |c importazione_messina 
100 |a Lalla Romano 
245 0 |a Le Metamorfosi 
260 |b Giulio Einaudi Editori 
942 |2 ddc  |c BK 
952 |0 0  |1 0  |2 ddc  |4 0  |6 SCAFFALE_5_000000000000000__ROMANZI  |7 0  |9 31430  |a ME  |b ME  |d 2026-02-11  |l 0  |o SCAFFALE 5 - ROMANZI  |p R-609  |r 2026-02-11 23:52:33  |w 2026-02-11  |x [REVISIONARE]  |y BK 
999 |c 27095  |d 27095